Relations internationales - Statistiques

Statistiques générales
  • Ce quiz a été pris 33 fois
  • Le résultat moyen est 42 sur 54
Réponses sur la Carte
Les réponses sont colorées sur une échelle allant du rouge au vert en fonction du pourcentage des utilisateurs qui les ont devinées à leur premier essai. Vous pouvez retrouver ces pourcentages ci-dessous.
 
Statistiques - réponses
Réponse % Correct
Turquie
97%
Australie
90%
Grèce
90%
Pologne
90%
Russie
90%
USA
90%
Afrique du Sud
86%
Algérie
86%
Arabie saoudite
86%
Argentine
86%
Biélorussie
86%
Chine
86%
Espagne
86%
France
86%
Inde
86%
Royaume uni
86%
Ukraine
86%
Afghanistan
83%
Danemark
83%
Iran
83%
Maroc
83%
Mexique
83%
République dominicaine
83%
Somalie
83%
Soudan
83%
Uruguay
83%
Venezuela
83%
Albanie
79%
Libye
79%
Macédoine du nord
79%
Mauritanie
79%
Nouvelle Zélande
79%
Philippines
79%
République démocratique du Congo
79%
Sénégal
79%
Tunisie
79%
Burkina faso
76%
Guyana
76%
Irak
76%
Mali
76%
Syrie
76%
Bhoutan
72%
Guinée equatoriale
72%
Israel
72%
Moldavie
72%
Pakistan
72%
Bangladesh
69%
Birmanie
69%
Tchad
69%
Ouganda
62%
Guinée bissau
59%
Rwanda
52%
Burundi
48%
Palestine
45%
Aucun quiz correspondant
Distribution des résultats
% des personnes avec chaque résultat
Percentile par nombre de réponses
Votre historique - résultats
Vous n’avez pas pris ce quiz